000 00502cam a2200193 4500
001 D2642
008 090401t1956 xxu||||| |||| 00| 0 eng d
035 _a(Sirsi) u70091
041 _aeng
050 _a526.9
110 _aCommonwealth Survey Officers
_92586
245 _aConference (1955: Cambridge) Report of proceedings
260 _aLondon
_bHMSO
_c1956
300 _axv. 494p. ill. 34cm
350 _a0
520 _a2 maps in pocket inside back cover
942 _n0
948 _c04/03/1997
999 _c95282
_d95282